<?xml version="1.0" encoding="UTF-8"?>
<record
    xmlns:xsi="http://www.w3.org/2001/XMLSchema-instance"
    xsi:schemaLocation="http://www.loc.gov/MARC21/slim http://www.loc.gov/standards/marcxml/schema/MARC21slim.xsd"
    xmlns="http://www.loc.gov/MARC21/slim">

  <leader>00367    a2200109   4500</leader>
  <controlfield tag="001">ART_41866</controlfield>
  <controlfield tag="005">20260410162023.0</controlfield>
  <controlfield tag="008">260409a                                 </controlfield>
  <datafield tag="245" ind1="1" ind2="0">
    <subfield code="a">No habr&#xE1; m&#xE1;s penas ni olvido</subfield>
  </datafield>
  <datafield tag="100" ind1="1" ind2=" ">
    <subfield code="a">Sabelli, H&#xE9;ctor E.</subfield>
  </datafield>
  <datafield tag="773" ind1="0" ind2=" ">
    <subfield code="t">Jurisprudencia Argentina</subfield>
    <subfield code="g">Jurisprudencia de la Corte Suprema de Justicia de la Naci&#xF3;n (abr. 2006)</subfield>
    <subfield code="w">REV41622</subfield>
  </datafield>
  <datafield tag="999" ind1=" " ind2=" ">
    <subfield code="c">33344</subfield>
    <subfield code="d">33344</subfield>
  </datafield>
</record>
